000 00659cam a22002411 4500
001 sa 66006505
003 DLC
005 20260227112257.0
008 890403s1964 io ab 000 0 ind
010 _asa 66006505
035 _a(OCoLC)23567947
040 _aDLC
_cMiU
_dDLC
042 _apremarc
043 _aa-vt---
_aas-----
050 0 0 _aDS557.A6
_bI4
100 1 _aIljas, Bachtiar.
245 1 0 _aPerang Vietnam & netralisasi Asia Tenggara.
250 _a[Tjet. 1]
260 _aDjakarta,
_bDelegasi
_c[1964]
300 _a164 p.
_billus., fold. map.
_c18 cm.
651 0 _aVietnam
_xHistory
651 0 _aSoutheast Asia
_xPolitics and government.
999 _c70554
_d70554